Utah Jazz 40 Point Games - Statistics

General Stats
  • This quiz has been taken 207 times
    21 since last reset
  • The average score is 11 of 26
Answer Stats
Player Max Nb % Correct
Jeff Malone 43 2
95%
Karl Malone 61 44
95%
Donovan Mitchell 46 9
90%
Lauri Markkanen 51 6
80%
Deron Williams 42 2
70%
Nate Williams 41 1
70%
Pete Maravich 68 24
60%
Adrian Dantley 57 49
55%
Carlos Boozer 41 2
50%
Jeff Hornacek 40 1
45%
Jordan Clarkson 45 3
40%
Darrell Griffith 41 4
35%
Keyonte George 43 1
35%
Rickey Green 45 1
35%
Truck Robinson 51 1
30%
Bojan Bogdanović 48 1
25%
Mehmet Okur 43 1
25%
Paul Millsap 46 1
25%
Thurl Bailey 41 1
25%
Al Jefferson 40 1
20%
Grayson Allen 40 1
20%
Jim McElroy 40 1
15%
Brice Sensabaugh 43 2
10%
John Drew 42 2
10%
Talen Horton-Tucker 41 1
10%
C.J. Miles 40 1
5%
No matching quizzes found
Score Distribution
Percent of People with Each Score
Percentile by Number Answered
Your Score History
You have not taken this quiz since the last reset